La guerra contra las drogas en México y los efectos sobre la democracia (Registro nro. 182935)

Detalles MARC
000 -ENCABEZADO
Número de control [NR] 00901 a2200241 4500
005 - FECHA Y HORA DE LA ÚLTIMA TRANSACCIÓN
control field 20140903174959.0
008 - DE LONGITUD FIJA DE DATOS DE ELEMENTOS - INFORMACIÓN GENERAL
Elementos de longitud fija [NR] 131203s2012 ger frn 001 0 spa d
020 ## - NUMERO INTERNACIONAL NORMALIZADO PARA LIBROS [R]
Número Internacional Normalizado del libro [NR] 9783656149101
040 ## - FUENTE DE CATALOGACION [NR]
Agencia de catalogación original [NR] Co-BoUCM
Quien Cataloga
Quien Clasifica Diana Londoño
041 00 - CODIGO DE IDIOMA [R]
Código de idioma para texto/pista de sonido o título separado [R] Español
100 1# - ASIENTO PRINCIPAL--NOMBRE PERSONAL [NR]
Nombre personal [NR] Frehe, Caroline
ID Autoridad 51918
245 13 - MENCION DE TITULO [NR]
Título [NR] La guerra contra las drogas en México y los efectos sobre la democracia
Mención de responsabilidad, etc. [NR] Caroline Frehe
260 ## - PUBLICACION, DISTRIBUCION, ETC. (PIE DE IMPRENTA) [R]
Lugar de publicación, distribución, etc. [R] Norderstedt
Nombre del editor, distribuidor, etc. [R] GRIN Verlag
Fecha de publicación, distribución, etc. [R] 2012
300 ## - DESCRIPCION FISICA [R]
Extensión [R] 17 páginas
500 ## - NOTA GENERAL [R]
Nota general [NR] Universität Osnabrück, Clase: Comunicación II, Profesora: Elisa Orta Galindo
504 ## - NOTA DE BIBLIOGRAFIA, ETC. [R]
Nota de bibliografía, etc. [NR] Incluye referencias bibliográficas e índices
650 #7 - ASIENTO SECUNDARIO DE MATERIA - TERMINO TEMATICO [R]
9 (RLIN) 11879
Término temático o nombre geográfico como elemento de entrada [NR] Control de drogas y narcóticos
Subdivisión geográfica [R] México
650 #7 - ASIENTO SECUNDARIO DE MATERIA - TERMINO TEMATICO [R]
9 (RLIN) 20085
Término temático o nombre geográfico como elemento de entrada [NR] Narcotráfico
Subdivisión geográfica [R] México
690 ## - ASUNTO AGREGADO LOCAL DE ENTRADA - TÉRMINO TEMÁTICO (OCLC, RLIN)
9 (RLIN) 42900
Acceso temático local Problemas sociales
690 ## - ASUNTO AGREGADO LOCAL DE ENTRADA - TÉRMINO TEMÁTICO (OCLC, RLIN)
Acceso temático local Violencia
942 ## - ELEMENTOS DE ENTRADA AGREGADOS (KOHA)
Tema principal Sociología
Tipo de ítem principal el descrito en 300a Libro
Edición 1
Parte restante de la signatura top. F861g
Sistema de clasificación DEWEY
Clasificación 363.45
Existencias
Fecha de último préstamo Total préstamos Signatura topográfica Código de barras Última vez visto Ejemplar Costo de reposición Price effective from Tipo de ítem Perdido Sistema de clasificación Dañado No prestable Tipo de ítem específico Suprimido Ubicación habitual Ubicación actual Localización Fecha de creación Proveedor Forma de adquisición Costo
08/04/2019 4 363.45 F861 100137875 09/12/2025 Ej.1 32000.00 05/11/2013 Libro   DEWEY     Libro   Claustro Claustro 2do piso 05/11/2013 15 Compra 32000.00